[Event "XXVII RUS-chT Women 2020"]
[Site "Sochi"]
[Date "2020.11.26"]
[Round "7.24"]
[White "Absalyamova, Karina"]
[Black "Mikheeva, Galina"]
[Result "1-0"]
[WhiteElo "1884"]
[BlackElo "1943"]
[Annotator "TA"]
[PlyCount "119"]
[EventDate "2020.11.19"]
[EventType "team-tourn"]
[EventCountry "RUS"]
[SourceTitle "playchess.com"]
[Source "ChessBase"]
[SourceQuality "1"]

{[%evp 22,119,16,10,12,2,1,0,1,0,0,0,26,0,31,26,31,45,55,54,56,45,61,61,61,57,61,61,84,96,90,68,68,68,104,93,68,68,168,160,229,233,248,192,184,185,175,181,171,116,126,92,117,117,152,119,184,176,184,168,220,218,247,243,230,222,281,225,258,239,277,277,352,352,295,296,406,405,459,418,448,456,619,581,536,527,703,612,742,688,914,870,1631,1548,2613,2220,6103,6103,5126,5125]} 1. d4 Nf6 2. c4 e6 3. Nc3 d5 4. cxd5 exd5 5. Bg5 Be7 6. e3 c6 7. Bd3 Nbd7 8. Qc2 Nh5 9. Bxe7 Qxe7 10. Nge2 g6 11. O-O-O Nb6 12. Kb1 Be6 {D36: Queen's Gambit Declined: Exchange Variation: Main line (5 Bg5 c6 6 Qc2).} 13. h3 O-O-O 14. Na4 Nxa4 {The position is equal.} 15. Qxa4 Kb8 16. Rc1 Nf6 {[#]} 17. Nc3 $146 ({Predecessor:} 17. Rc3 Ne4 18. Bxe4 dxe4 19. Nf4 f6 20. Nxe6 Qxe6 21. Rhc1 Rd5 22. Qb3 Rc8 23. a4 Qd7 24. Rc5 h5 25. h4 Rxc5 {½-½ (25) Szerlak,A (2361)-Hernandez Fernandez,N (2275) ICCF email 2018}) 17... Bf5 18. Bxf5 gxf5 19. Rc2 Rhg8 20. g3 $1 Ne4 21. Rhc1 Rg6 22. Qb3 Nd6 23. Na4 Nc4 24. Nc5 b6 25. Nd3 Kb7 26. a3 a5 27. Ka2 Ra8 28. a4 Rc8 29. Ka1 Qc7 (29... Rgg8 $14) 30. Qa2 $18 f6 (30... Qe7 $16 31. b3 Nd6) 31. b3 Nd6 32. Nf4 Rgg8 {[#]} 33. Nxd5 $1 {[%mdl 512]} Qf7 (33... cxd5 34. Rxc7+) 34. Nf4 Ne4 35. Re2 (35. Qa3 $18) 35... Qe7 36. Kb2 c5 {[#] next ...cxd4 is good for Black.} 37. Qa3 $1 Qd6 38. Rec2 cxd4 (38... Rg7 $16 39. h4 Rgc7) 39. Qxd6 Nxd6 40. Rxc8 Nxc8 (40... Rxc8 {is a better defense.} 41. Rxc8 (41. exd4 Rxc1 42. Kxc1 Ne4 $16) 41... Kxc8) 41. exd4 $16 {[%mdl 4096] Endgame KRN-KRN} Rd8 42. d5 Ne7 {[#]} 43. Rd1 $1 Ng6 44. Ne6 Rd6 45. Kc3 Ne7 46. Kc4 Nxd5 47. Rxd5 Rxe6 48. Rxf5 $18 {KR-KR} Kc6 49. g4 Rd6 50. f4 Re6 51. h4 {White is clearly winning.} h6 52. Kd4 Rd6+ 53. Ke4 Kc7 54. Rd5 {Hoping for Rxd6.} Re6+ 55. Kf5 Re3 56. Kxf6 Rxb3 57. f5 Rb4 58. g5 hxg5 59. hxg5 Rxa4 60. g6 {Weighted Error Value: White=0.09/Black=0.28} 1-0

[Event "XXVII RUS-chT Women 2020"]
[Site "Sochi"]
[Date "2020.11.27"]
[Round "8.1"]
[White "Shafigullina, Zarina"]
[Black "Shuvalova, Polina"]
[Result "0-1"]
[WhiteElo "2302"]
[BlackElo "2454"]
[Annotator "TA"]
[PlyCount "127"]
[EventDate "2020.11.19"]
[EventType "team-tourn"]
[EventCountry "RUS"]
[SourceTitle "playchess.com"]
[Source "ChessBase"]
[SourceQuality "1"]

{[%evp 17,127,-14,0,-18,-10,-51,-21,-43,-41,-51,-54,-45,-20,-31,0,0,0,-43,-33,-54,-36,-54,-40,-43,-43,-64,-47,-56,-61,-82,-40,-73,-19,-37,-10,-32,-36,-41,-44,-89,-45,-149,-162,-268,-109,-113,-113,-120,-113,-111,-104,-193,-170,-282,-273,-274,-241,-289,-252,-252,-250,-258,-266,-272,-218,-322,-333,-542,-533,-510,-470,-1017,-1015,-990,-968,-931,-428,-375,-357,-363,-364,-355,-352,-339,-354,-366,-364,-391,-355,-428,-427,-445,-454,-514,-483,-471,-502,-520,-522,-511,-497,-523,-502,-557,-546,-542,-500,-853,-847,-1080,-731,-620]} 1. c4 e5 2. Nc3 Nf6 3. Nf3 Nc6 4. g3 d5 5. cxd5 Nxd5 6. Bg2 Nb6 7. O-O Be7 8. d3 O-O 9. Bd2 Be6 10. Ne4 {[#] A29: English Opening: Four Knights Variation with 4 g3.} a5 $146 ({Predecessor:} 10... f6 11. Rc1 a5 12. Qc2 a4 13. Qb1 Nd7 14. Be3 a3 15. b3 f5 16. Nfg5 Bd5 17. Nc3 Bxg2 {1-0 (41) Klewe,W (2216)-Prystenski,A (2209) ICCF email 2016}) 11. Bc3 f6 12. h4 {The position is equal.} h6 13. Qc2 Nd5 14. Bd2 Ncb4 15. Qc1 c5 16. a3 (16. Nxc5 Bxc5 17. Qxc5 Rc8 $17) 16... Na6 17. Nc3 Nac7 18. a4 Rc8 19. Be1 Bg4 20. Qd1 b6 21. Nd2 Nb4 22. Nc4 Ne6 23. Nb5 Kh8 24. Rc1 Nc6 (24... Nd4 $17 25. f3 Be6) 25. Bc3 Ncd4 26. Bxd4 Nxd4 27. Nc3 Bd6 28. Re1 f5 29. f3 ({Better is} 29. Bf3 $15) 29... Bh5 $17 30. e3 {[#]} (30. Nxd6 {keeps fighting.} Qxd6 31. Rf1) 30... Nc6 (30... e4 $1 $19 {is more deadly.} 31. Nxd6 (31. exd4 $2 Bxg3 {[%mdl 64] Double Attack} 32. dxe4 cxd4 $19) 31... Nxf3+ 32. Bxf3 Bxf3) 31. g4 Bg6 32. h5 Bh7 33. Qe2 Bc7 34. e4 (34. Rcd1 $17) 34... Nd4 35. Qd1 (35. Qe3 $142 fxg4 36. fxg4) 35... fxg4 $19 36. fxg4 Qh4 {aiming for ...Qf2+.} 37. Rf1 Rxf1+ 38. Qxf1 Qxg4 39. Qf7 Bg8 40. Qg6 Nf3+ 41. Kf2 (41. Kf1 {was the only defense.} Nh2+ 42. Kg1 Nf3+ 43. Kf1 Nh2+ 44. Kg1) 41... Ng5 {[%cal Bf3g5,Bg5h3,Bh3f4][%mdl 32]} 42. Rf1 $2 (42. Qf5 {was forced.} Qh4+ 43. Kg1) 42... Bh7 43. Qc6 Rf8+ 44. Kg1 (44. Ke1 $142 Qg3+ {[%mdl 64] Double Attack} 45. Kd1 Rxf1+ 46. Bxf1) 44... Nh3+ 45. Kh2 {[#]} Nf4 $1 {[%csl Gf4][%cal Rg4g2]} 46. Ne3 Qxh5+ (46... Qh4+ $142 47. Kg1 Qg3) 47. Kg1 Bd8 {...Bh4 is the strong threat.} 48. Qd6 Kg8 49. Ned5 {[#]} Qg5 $1 {[%csl Gf4][%cal Rg5g2]} 50. Nxf4 exf4 ({Much less strong is} 50... Rxf4 51. Rxf4 exf4 52. Kf1 $19) 51. Rf3 Qf6 52. Qd5+ Kh8 53. e5 Qe7 {Black is clearly winning.} 54. e6 g5 55. Qe5+ Qf6 56. Qxf6+ Bxf6 57. Nd5 Bd4+ 58. Kf1 Bf5 59. e7 Re8 60. Bh3 Bxh3+ 61. Rxh3 Kg7 62. b3 (62. Kg2 $142 Be5 63. Rh1) 62... Kg6 63. Kg2 h5 64. Rh1 {Weighted Error Value: White=0.46/Black=0.24} 0-1

[Event "XXVII RUS-chT Women 2020"]
[Site "Sochi"]
[Date "2020.11.27"]
[Round "8.2"]
[White "Kovalevskaya, Ekaterina"]
[Black "Yakimova, Mariya"]
[Result "1-0"]
[WhiteElo "2386"]
[BlackElo "2244"]
[Annotator "TA"]
[PlyCount "125"]
[EventDate "2020.11.19"]
[EventType "team-tourn"]
[EventCountry "RUS"]
[SourceTitle "playchess.com"]
[Source "ChessBase"]
[SourceQuality "1"]

{[%evp 16,125,24,16,28,28,28,28,27,14,28,29,24,18,28,19,16,14,15,21,21,14,18,23,31,16,23,0,0,0,0,0,0,0,0,-5,28,30,32,36,60,25,57,49,72,46,79,81,85,85,85,85,85,85,85,85,85,85,85,85,172,172,157,132,132,136,198,198,12816,12810,12812,322,12815,12815,12835,12833,12838,12835,12819,12796,12552,12798,12732,12662,1380,455,29948,29952,29953,29953,12841,29940,29965,12639,12223,12457,7853,1631,29973,29974,29978,29979,29980,29981,29981,29982,29982,29983,29983,29984,29984,29985]} 1. e4 c5 2. Nf3 Nc6 3. Bb5 d6 4. O-O Bd7 5. Re1 Nf6 6. c3 a6 7. Bf1 Bg4 8. d4 cxd4 9. cxd4 e5 {B51: Sicilian: Moscow Variation (3 Bb5+) without 3...Bd7.} 10. Be3 exd4 ({But not} 10... Nxe4 $2 11. d5 $18) 11. Bxd4 Nxd4 {White has an edge.} 12. Qxd4 Bxf3 13. gxf3 {Threatens to win with e5.} Be7 14. Nc3 {Black must now prevent e5.} O-O 15. f4 Re8 16. Rad1 Bf8 17. Bg2 {[#]} Qa5 $146 ({Predecessor:} 17... Qc7 18. Bf3 b5 19. Kg2 Rac8 20. a3 Qb8 21. Qd3 g6 22. h3 Rc7 23. Re2 Rc4 {½-½ (34) Rutkus,R (2307)-McKenzie,C (2377) ICCF email 2018}) 18. Re3 Rad8 19. Rg3 Kh8 $1 20. Rg5 Qc7 21. Rd3 (21. Bf3 {seems wilder.} d5 22. e5 Ne4 23. Rg2 Nxc3 24. Qxc3 Qxc3 25. bxc3 f6 26. exf6 d4 27. c4) 21... d5 22. Nxd5 Nxd5 23. Rxd5 Rxd5 24. Qxd5 Qxf4 25. Rf3 Qc1+ 26. Bf1 f6 27. Qxb7 Rd8 28. Qxa6 (28. Qb6 $5 {[%cal Rb6d8]} Re8 29. Qd4 $14) 28... Qxb2 29. Qe6 Qc1 30. Kg2 Bd6 31. h4 {Rxf6! is the strong threat.} Qh6 32. Qg4 Qg6 33. Qxg6 hxg6 $16 {[%mdl 4096] Endgame KRB-KRB} 34. Rd3 Bc7 35. Rxd8+ Bxd8 {KB-KB} 36. Bc4 Bc7 37. Kh3 f5 {[#]} (37... Kh7 $16) 38. f3 $1 $18 Kh7 39. Be6 Kh6 40. exf5 gxf5 41. Bxf5 g6 $2 (41... Kh5 42. a4 Ba5) 42. Bc2 Kh5 43. Ba4 $2 (43. Bb3 Kh6 44. Kg4) 43... Bb8 $2 (43... Bd6 44. Bd1 Bf4) 44. Bd7 Bc7 45. a4 Bd8 46. Be8 Bc7 47. Bf7 Bd8 48. f4 Kh6 49. Kg4 Kg7 50. Be8 (50. Be6 $142 Kf6 51. Bc4) 50... Kf6 (50... Kh6 $18 51. Bc6 Kg7) 51. h5 gxh5+ 52. Bxh5 Ke6 53. Be8 Bb6 54. Bc6 (54. Kg5 $142 Ke7 55. Bh5 Bc7 56. f5 Bd8 57. Kg6 Ba5 58. f6+ Kf8 59. Kf5) 54... Kd6 55. Bb5 Ke6 56. Kg5 (56. f5+ $142 Ke7 57. Kg5) 56... Bd8+ {[#]} 57. Kg6 $1 {White mates.} Kd5 58. f5 Ke5 59. Bf1 Ba5 60. f6 Ke6 61. f7 Bb4 62. Kg7 Bc3+ 63. Kg8 {Weighted Error Value: White=0.33/Black=0.10} 1-0

[Event "XXVII RUS-chT Women 2020"]
[Site "Sochi"]
[Date "2020.11.27"]
[Round "8.3"]
[White "Nasyrova, Ekaterina"]
[Black "Bivol, Alina"]
[Result "0-1"]
[WhiteElo "2261"]
[BlackElo "2373"]
[Annotator "TA"]
[PlyCount "102"]
[EventDate "2020.11.19"]
[EventType "team-tourn"]
[EventCountry "RUS"]
[SourceTitle "playchess.com"]
[Source "ChessBase"]
[SourceQuality "1"]

{[%evp 9,102,0,9,0,9,0,0,-2,-5,-18,-8,-8,-8,-19,-16,-64,-70,-77,-17,-11,-11,-29,-23,-46,-45,-44,-35,-31,-31,-63,-63,-79,-50,-72,-51,-75,-68,-87,-42,-103,-40,-68,-35,-68,-68,-131,-136,-131,-114,-136,-113,-129,-136,-133,-100,-123,-145,-173,-127,-185,-179,-257,-257,-238,-235,-279,-262,-266,-152,-177,-175,-578,-568,-738,-527,-527,-520,-1272,-1265,-1263,-1231,-981,-804,-1298,-1266,-1219,-1193,-970,-900,-2732,-2806,-5065,-2301,-4752,-1401]} 1. Nf3 Nf6 2. c4 c5 3. Nc3 e6 4. e3 d5 5. cxd5 exd5 6. d4 {A17: English Opening: 1...Nf6 with ...Bb4.} c4 7. Be2 Bb4 8. O-O {The position is equal.} Bxc3 9. bxc3 {[#]} O-O $146 ({Predecessor:} 9... b5 10. h3 O-O 11. a4 Bd7 12. axb5 Bxb5 13. Re1 Nc6 14. Rf1 Nb8 15. Re1 Nc6 16. Rf1 Nb8 17. Re1 Nc6 {½-½ (17) Vrabic,T-Kuzner,C Ptuj 2008}) 10. Qc2 Nc6 11. Nd2 Re8 12. e4 Nxe4 13. Nxe4 {[#] Hoping for Ng3.} dxe4 ({Much weaker is} 13... Rxe4 $6 {[#]} 14. Bxc4 $1 {[%mdl 512]} g6 15. Bd3 $14) (13... Bf5 $1 $17) 14. Bxc4 $11 Na5 15. Be2 Be6 16. Be3 ({Avoid the trap} 16. Qxe4 $2 Bc4 $19) 16... Bc4 17. Rfd1 Bxe2 18. Qxe2 Qd5 19. Qg4 f5 20. Qg3 Re6 21. h4 Nc4 22. h5 h6 23. Bf4 Rae8 24. Re1 (24. a4 $15) 24... R8e7 (24... Nb2 $17) 25. Rab1 a6 26. Re2 b5 27. Be3 ({Better is} 27. Rbe1 $15) 27... Nb6 $17 28. Rbe1 Qc6 29. Qh3 Rf7 30. Bf4 Nd5 31. Be5 Re8 32. f4 Rc8 33. g4 Qxc3 34. Qxc3 (34. Qh4 $17 {was called for.}) 34... Rxc3 $19 35. gxf5 (35. g5 {might work better.}) 35... Rxf5 36. Rxe4 Rxh5 37. Bd6 Rhh3 {And now ...Rcg3+ would win.} 38. f5 Rhe3 ({Black should play} 38... Rhf3 $19 39. Re6 Rxf5) 39. R1xe3 Rxe3 40. Re5 $2 (40. Rg4 {is a better chance.}) 40... Rxe5 {Black is clearly winning.} 41. dxe5 {[%mdl 4096] Endgame KB-KN} Ne3 42. f6 gxf6 43. exf6 (43. e6 $142 Nf5 44. Ba3) 43... Kf7 44. Bf4 Ng4 45. Kg2 Kxf6 46. Kf3 Kf5 47. Bg3 h5 48. Ke2 Ke4 49. Kd2 Kd4 50. Kc2 Kc4 (50... Ne3+ $142 51. Kb3 Nf5) 51. Kb2 Ne3 {Weighted Error Value: White=0.72/Black=0.29} 0-1

[Event "XXVII RUS-chT Women 2020"]
[Site "Sochi"]
[Date "2020.11.27"]
[Round "8.4"]
[White "Voit, Daria"]
[Black "Bulatova, Kamaliya"]
[Result "1-0"]
[WhiteElo "2353"]
[BlackElo "2143"]
[Annotator "TA"]
[PlyCount "67"]
[EventDate "2020.11.19"]
[EventType "team-tourn"]
[EventCountry "RUS"]
[SourceTitle "playchess.com"]
[Source "ChessBase"]
[SourceQuality "1"]

{[%evp 20,67,31,24,27,24,20,20,35,16,19,6,5,6,137,128,131,149,274,244,255,261,325,346,445,452,450,424,477,458,561,438,568,566,597,604,597,602,589,581,614,614,614,614,769,793,785,782,782,743]} 1. Nf3 Nf6 2. c4 g6 3. g3 Bg7 4. Bg2 O-O 5. O-O c5 6. d4 cxd4 7. Nxd4 Nc6 8. Nc3 Nxd4 9. Qxd4 d6 10. Qd2 Rb8 11. b3 a6 {A39: Symmetrical English vs ...g6: 4 Bg2 Bg7 5 Nf3 Nf6 6 0-0 0-0 7 d4.} 12. a4 Bd7 13. Bb2 Bc6 {The position is equal.} 14. e4 Nd7 {[#]} 15. Nd5 $146 ({Predecessor:} 15. b4 b6 16. Rfd1 a5 17. bxa5 bxa5 18. Nb5 Bxb2 19. Qxb2 Qb6 20. h4 h5 21. Qc3 {1-0 (56) Stahlberg,G-Ujtelky,M Marianske Lazne 1956}) 15... Bxb2 16. Qxb2 b5 {[#]} (16... Nc5 $11) 17. Nb4 $1 $16 {[%cal Rb4c6]} Bb7 18. cxb5 ({Of course not} 18. axb5 $6 axb5 19. cxb5 Qb6 $11) 18... Qa5 (18... axb5 $16 19. a5 (19. axb5 Qb6 $11) 19... e5) 19. Nxa6 $18 Bxa6 20. b4 {[%cal Bb3b4,Bb4b5][%mdl 32]} ({Not} 20. bxa6 Nc5 $14) 20... Qb6 21. bxa6 Nc5 22. b5 {White is clearly winning.} Nxa6 23. e5 Rfc8 24. exd6 Qxd6 25. Rfd1 Qe6 26. Qa2 Qxa2 27. Rxa2 Nc5 28. Bc6 Rc7 29. a5 {[%cal Ba4a5,Ba5a6,Ba6a7][%mdl 32]} Kg7 30. a6 Ra7 31. Rd5 Ne6 32. Rd7 Nc7 33. Rxc7 Rxc7 34. a7 {Black got outplayed after the opening.  Weighted Error Value: White=0.07/Black=0.44} 1-0

[Event "XXVII RUS-chT Women 2020"]
[Site "Sochi"]
[Date "2020.11.27"]
[Round "8.5"]
[White "Kochukova, Anna"]
[Black "Girya, Olga"]
[Result "0-1"]
[WhiteElo "2111"]
[BlackElo "2469"]
[Annotator "TA"]
[PlyCount "74"]
[EventDate "2020.11.19"]
[EventType "team-tourn"]
[EventCountry "RUS"]
[SourceTitle "playchess.com"]
[Source "ChessBase"]
[SourceQuality "1"]

{[%evp 13,74,7,7,7,4,5,27,14,28,3,1,0,13,2,-7,4,0,-14,-11,-15,-11,-17,-8,-129,-137,-121,-16,-65,-57,-70,-56,-87,-86,-133,-116,-276,-279,-250,-143,-151,-140,-330,-273,-267,-167,-266,-60,-61,-20,-33,-32,-284,-252,-2666,-472,-2574,-64,-106,0,-2053,-1895,-29990,-1810]} 1. e4 e5 2. Nf3 Nc6 3. Bb5 a6 4. Ba4 Nf6 5. d3 Bc5 6. O-O d6 7. c3 O-O 8. h3 {C78: Ruy Lopez: Archangelsk and Möller Defences.} Ba7 9. Re1 {9.Nbd2 injects fresh life into this line.} Nh5 {[#]} (9... b5 $5 {[%cal Rb5a4]} 10. Bb3 Rb8 $11) 10. Bg5 $146 {White has an edge.} ({Predecessor:} 10. d4 Qf6 11. Be3 Nf4 12. Bxf4 Qxf4 13. Bxc6 bxc6 14. Nbd2 exd4 15. cxd4 c5 16. d5 {½-½ (39) Rodin,D (2404)-Chuprov,D (2520) Taganrog 2011}) 10... f6 11. Be3 (11. Bc1 {is interesting.} f5 12. d4 fxe4 13. Rxe4 Nf6 14. Bg5) 11... Bxe3 12. fxe3 g6 13. Nbd2 Kh8 14. d4 Bd7 15. Bc2 Qe8 16. Kh2 f5 17. Qe2 f4 18. exf4 (18. Ba4 $11 {keeps the balance.}) 18... Nxf4 $17 19. Qe3 {[#]} Qe7 ({Black should play} 19... g5 $1 $17 {[%mdl 512]} 20. dxe5 (20. Nxg5 $2 Qg6 $19) 20... g4) 20. dxe5 dxe5 21. Ba4 {White wants to play Bxc6.} Rad8 22. Rad1 {Threatening Bxc6.} b5 $1 {[%cal Rb5a4]} 23. Bc2 g5 $1 {[%cal Rg5g4] ...g4 is the strong threat.} 24. Nb3 $2 (24. Ng1 $17) 24... g4 $19 25. hxg4 Bxg4 ({Better is} 25... Qe6 $19 26. Kh1 Qxg4) 26. Rxd8 $17 Qxd8 27. Bd1 $2 (27. Rf1 $17) 27... Bxf3 28. Bxf3 Qh4+ 29. Kg1 Rg8 $2 (29... Nd8 $19 {And now ...Nde6 would win.} 30. Nc1 Nf7) 30. Rd1 $1 $15 Qg3 {[%cal Rf4g2]} 31. Rd2 Ne7 $36 {[%cal Bc6e7,Be7g6,Bg6h4][%mdl 2080] Hoping for ...Rf8. Black has the initiative.} 32. Nc1 $2 {[%mdl 8192]} (32. Kf1 $1 $15) 32... Neg6 $1 $19 {[%cal Rg6h4] White must now prevent ...Nh4!} 33. Ne2 $2 (33. Nd3 Nh4 34. Nxe5) 33... Qe1+ 34. Kh2 Qh4+ $2 (34... Nh4 $19 {[%cal Rh4g2] is more deadly.} 35. Rd1 Qxd1 36. Nxf4 Nxf3+ 37. Qxf3 Qxf3 38. Ng6+ hxg6 39. gxf3 Rd8) 35. Kg1 $17 Qe1+ $2 {[%mdl 8192]} (35... Nxg2 $17 36. Bxg2 Qe1+ 37. Kh2 Nf4 $1 {[%mdl 512]}) 36. Kh2 $19 Nh4 {[%cal Rh4g2]} 37. g3 {[#]} Qxd2 {Weighted Error Value: White=0.77/Black=0.47} (37... Rxg3 $142 $1 {[%mdl 512]} 38. Rd8+ (38. Nxg3 Qxe3) 38... Kg7 39. Nxg3 Qxe3 40. Nh5+ {[#]} Kh6 $1 {[%mdl 512]} 41. Nxf4 exf4 42. Rg8 Qxf3 43. a3 Qf1 44. Rg3 fxg3+ 45. Kxg3 Kg5 46. Kh2 Qg2#) 0-1

[Event "XXVII RUS-chT Women 2020"]
[Site "Sochi"]
[Date "2020.11.27"]
[Round "8.6"]
[White "Badelka, Olga"]
[Black "Zhurova, Anna"]
[Result "1-0"]
[WhiteElo "2427"]
[BlackElo "2078"]
[Annotator "TA"]
[PlyCount "86"]
[EventDate "2020.11.19"]
[EventType "team-tourn"]
[EventCountry "RUS"]
[SourceTitle "playchess.com"]
[Source "ChessBase"]
[SourceQuality "1"]

{[%evp 9,86,20,35,33,15,14,68,65,63,72,66,58,91,64,109,51,53,53,58,43,42,51,51,31,31,31,85,83,84,86,77,74,118,93,139,81,197,208,195,200,174,191,189,30,112,102,99,0,94,0,100,103,95,92,95,56,280,0,439,304,306,289,351,340,453,442,405,340,650,651,743,737,729,728,711,705,759,749,806]} 1. d4 c5 2. d5 f5 3. c4 g6 4. Nc3 Bg7 5. Qc2 Nf6 6. g3 {A40: Unusual replies to 1 d4.} O-O 7. Bg2 d6 (7... Na6 $11) 8. Nh3 $1 $14 {White is slightly better.} Na6 9. Nf4 Nc7 10. h4 Qe8 11. a4 Rb8 12. O-O {[#]} (12. h5 $16) 12... b6 $146 ({Predecessor:} 12... a6 13. e4 b5 14. axb5 axb5 15. Ra7 Qd8 16. b3 bxc4 17. bxc4 Bd7 {1-0 (40) Janda,Z (2133)-Fojtu,P (2053) Rumburk 2005}) 13. Nb5 Rb7 $1 14. Ra3 a6 15. Nxc7 Rxc7 16. Ne6 Bxe6 17. dxe6 Qc8 ({Better is} 17... Rc8 $14) 18. Rb3 $1 $16 Qxe6 19. Rxb6 Qc8 20. a5 Nh5 21. e3 Kh8 22. Bd2 (22. Qb3 $142) 22... e5 (22... Nf6 $16) 23. Rxd6 $18 f4 24. exf4 exf4 {[#] ...f3 is the strong threat.} 25. Qd3 $1 Rcf7 {next ...f3 is good for Black.} 26. Rc6 $2 ({White should play} 26. Bd5 $18 Rf6 27. Rxf6 Bxf6 28. Bc3) 26... Qb8 (26... Qg4 $1 $11 {remains equal.} 27. Qe4 (27. Rxa6 $2 fxg3 28. Qe4 gxf2+ 29. Rxf2 Qxe4 $19) 27... Qd7) 27. Rb6 $16 (27. Rxa6 f3 $17) 27... Qc8 28. Rc6 Qb8 {[%cal Rf4g3]} 29. Rb6 ({Weaker is} 29. Rxa6 f3 $17) 29... Qc8 $1 {aiming for ...f3.} 30. Bc3 $36 {[%mdl 2048] White is really pushing.} f3 31. Bxg7+ Kxg7 {[#]} 32. Bh1 $1 Qh3 $2 (32... Nf4 $1 $14 33. Qe4 (33. gxf4 $2 Qg4+ 34. Kh2 Qxh4+ 35. Kg1 Rxf4 $19) 33... Re8) 33. Qd6 $2 (33. Qe4 $18) 33... Kh6 $2 {[%mdl 8192]} (33... Re8 $1 $11 {and Black has nothing to worry.} 34. Ra1 (34. Rxa6 $2 Rd7 $19) 34... Rfe7) 34. Qe6 Qxe6 35. Rxe6 Rb7 36. Rb1 Rb3 37. Rxa6 Nf6 38. Rb6 Rd3 $2 (38... Rxb6 39. axb6 Rb8) 39. a6 $18 {[%cal Ba5a6,Ba6a7][%mdl 32] White is clearly winning.} Ng4 40. a7 Ra8 41. Rb7 Ne5 42. Re1 Nc6 43. Rc7 Nd4 {Weighted Error Value: White=0.31/Black=0.47} 1-0

[Event "XXVII RUS-chT Women 2020"]
[Site "Sochi"]
[Date "2020.11.27"]
[Round "8.7"]
[White "Shestakova, Ekaterina"]
[Black "Guseva, Marina"]
[Result "0-1"]
[WhiteElo "1966"]
[BlackElo "2352"]
[Annotator "TA"]
[PlyCount "90"]
[EventDate "2020.11.19"]
[EventType "team-tourn"]
[EventCountry "RUS"]
[SourceTitle "playchess.com"]
[Source "ChessBase"]
[SourceQuality "1"]

{[%evp 27,90,8,20,0,14,7,13,0,3,7,11,14,18,12,22,22,34,40,36,29,114,114,158,172,190,125,194,175,204,130,139,38,150,163,181,81,79,-20,-10,-63,-75,-150,-117,-272,-165,-184,-138,-127,-53,-63,-53,-62,-66,-60,-42,-48,-9,-120,-46,-233,-129,-29987,-29987,-29994,-29991]} 1. e4 c5 2. c3 d5 3. exd5 Qxd5 4. d4 Nf6 5. Nf3 Bg4 6. Be2 e6 7. O-O Nc6 8. h3 Bh5 9. Be3 cxd4 10. Nxd4 Bxe2 11. Qxe2 Be7 12. Rd1 O-O 13. c4 Nxd4 14. Bxd4 Qc6 15. Nd2 {[#] B22: Sicilian: 2 c3.} Rfc8 $146 ({Predecessor:} 15... Rac8 16. b3 a6 17. Rac1 Rfd8 18. Nf3 Nd7 19. Be3 Nf8 20. Nd4 Qe8 21. Nf3 Qc6 22. Rxd8 Rxd8 {½-½ (38) Szerlak,A (2357)-Achilles,E (2442) ICCF email 2018}) 16. b3 a6 17. Nf3 {The position is equal.} b5 18. Ne5 Qb7 19. Rac1 bxc4 20. Nxc4 Nd5 21. Qg4 {[%csl Gd4][%cal Rg4g7]} g6 $1 22. Qf3 Qb5 23. Bb2 $40 {[%mdl 128] White has some attack.} Rf8 (23... Qe8 $11 {remains equal.}) 24. Ne5 $16 Bg5 25. Rc4 Rae8 26. Nc6 (26. h4 $18 Bd8 27. h5) 26... f6 (26... f5 $16 {was necessary.} 27. Nd4 Qd7) 27. Nd4 $18 Qb7 28. Ba3 Rf7 29. Qg4 (29. Nxe6 $16 Ne3 30. Nxg5 (30. fxe3 Qxf3 31. gxf3 Bxe3+ 32. Kf1 Rxe6 $16) 30... Qxf3 31. gxf3 Nxc4 32. Nxf7 Nxa3 33. Rd7) 29... e5 (29... Rd7 $14) 30. Nc6 $1 $16 h5 31. Qf3 (31. Qe4 $18 {and White stays clearly on top.} Nf4 32. g3) 31... Nf4 32. Kh2 (32. Qe4 $16) 32... e4 $1 $11 {[%cal Re4f3]} 33. Qc3 ({Better is} 33. Rxe4 $11 Qxc6 34. Rxe8+ Qxe8 35. h4 $1 {[%mdl 512]}) 33... Nd3 $15 34. Bd6 (34. Kg1 $142) 34... Nxf2 35. Re1 $2 (35. Rdd4 $17 e3 36. Qc2) 35... e3 {...Qd7 is the strong threat.} 36. Qc2 Qd7 37. Bg3 Kh7 (37... Nd3 $17 {And now ...h4 would win.} 38. Rd1 h4 $1 {[%mdl 512]}) 38. Bxf2 exf2 39. Qxf2 Qd6+ 40. Kh1 Rxe1+ 41. Qxe1 f5 42. Qe2 {[#]} (42. Nd4 $1 $11) 42... Rd7 (42... Bf6 $1 $17 43. Qe1 Rc7) 43. Qf3 $2 {[#]} (43. Nd4 $1 $15) 43... Qd2 (43... Qf6 $1 $19 {[%cal Rf6a1] Threatens to win with ...Qa1+.} 44. h4 Bxh4) 44. Qg3 $2 {[%mdl 8192]} (44. Qf1 $17) 44... Be3 45. Qe5 f4 {Quite a comeback for Black.  Weighted Error Value: White=0.59/Black=0.28} 0-1